000 00488nam a2200145Ia 4500
008 151213s9999 xx 000 0 und d
100 _aশামছুল ইসলাম।
245 _aকনে সুন্দরী আলো।
_cশামছুল ইসলাম।
260 _aঢাকা
_bকণিক।
_c1992
300 _a8813 p.
650 _aBangla
650 _aকবিতা গ্রন্থ।
700 _aশামছুল ইসলাম।
999 _c4598
_d4598